Statistics for Main Kamen Rider Quiz

Click here to take the quiz!

General Stats

  • This quiz has been taken 204 times
  • The average score is 27 of 35

Answer Stats

NameKamen Rider% Correct
Ryoutaro NogamiKamen Rider Den-O
91%
Shinji KidoKamen Rider Ryuki
91%
Philip / Shotaro HidariKamen Rider W
91%
Shouichi TsugamiKamen Rider Agito
89%
Yususke GodaiKamen RIder Kuuga
89%
Eiji HinoKamen Rider OOO
89%
Takeru TenkujiKamen Rider Ghost
88%
Kenzaki KazumaKamen Rider Blade
87%
Tsukasa KadoyaKamen Rider Decade
87%
Shinnosuke TomariKamen Rider Drive
86%
Tokiwa SougoKamen Rider Zi-O
85%
Shin KazamatsuriShin Kamen Rider
85%
Hiden ArutoKamen Rider 01
84%
Sento Kiryu.Kamen Rider Build
84%
Emu HojoKamen Rider Ex-Aid
83%
Kouta Kazuraba.Kamen Rider Gaim
83%
Hitoshi HidakaKamen Rider Hibiki
83%
Wataru KurenaiKamen Rider Kiva
83%
Haruto SomaKamen Rider WIzard
83%
Gentaro KisaragiKamen Rider Fourze
82%
Takeshi HongoKamen Rider Ichigo
82%
Tendou SoujiKamen Rider Kabuto
82%
Hayato IchimonjiKamen RIder Nigo
79%
Shiro KazamiKamen Rider V3
77%
Kohtaro MinamiKamen Rider Black/RX
75%
Daisuke YamamotoKamen RIder Amazon
74%
Shigeru JoKamen Rider Stronger
67%
Kouji SegawaKamen Rider J
63%
Hiroshi TsukubaSkyrider
60%
Kazuya OkiKamen Rider Super-1
57%
Masaru AsoKamen RIder ZO
56%
Joji YukiRiderman
56%
Takumi InuiKamen Rider 555
50%
Keisuke JinKamen Rider X
50%
Ryo MurasameKamen Rider ZX
50%

Score Distribution

Percentile by Number Answered

Percent of People with Each Score

Your Score History

You have not taken this quiz